00560 2200169 4500245003700000020001800037250001100055100001500066650002600081005001900107260004200126041001400168084001100182500014600193490004200339336000900381 aComputer BasiccNurhasanahhText a0-8094-7550-2 aCet. 1 aNurhasanah aEnsiklopedia Komputer a20231031132226 bEnsiklopedia Nasional Indonesiac2012 aIndonesia a004.03 aDaftar Isi : Pembangunan Menuju Revolusi Komputer, Kekuatan Kode Biner, Kemajuan Pesat Pada Masa Perang, Evolusi Mikrocip, Glosarium, Indeks. aSeri Informasi Komputer dan Teknologi atext